You and your Bible; (Record no. 420)
[ view plain ]
| 000 -LEADER | |
|---|---|
| fixed length control field | 00681cam a22002411 4500 |
| 001 - CONTROL NUMBER | |
| control field | 7006807 |
| 003 - CONTROL NUMBER IDENTIFIER | |
| control field | GBCCL |
| 005 - DATE AND TIME OF LATEST TRANSACTION | |
| control field | 20241126110337.0 |
| 008 - FIXED-LENGTH DATA ELEMENTS--GENERAL INFORMATION | |
| fixed length control field | 780708s1958 nju 000 0 eng |
| 010 ## - | |
| -- | 58005344 |
| 035 ## - SYSTEM CONTROL NUMBER | |
| System control number | (OCoLC)4032156 |
| 040 ## - CATALOGING SOURCE | |
| Original cataloging agency | DLC |
| Transcribing agency | OkEG |
| Modifying agency | OCoLC |
| -- | DLC |
| 042 ## - | |
| -- | premarc |
| 050 00 - | |
| -- | BS415 |
| -- | .T6 |
| 082 ## - DEWEY DECIMAL CLASSIFICATION NUMBER | |
| Classification number | 220.081 |
| Item number | TOR |
| 100 1# - MAIN ENTRY--PERSONAL NAME | |
| Personal name | Torrey, R. A. |
| Fuller form of name | (Reuben Archer), |
| Dates associated with a name | 1856-1928 |
| 9 (RLIN) | 598 |
| 245 00 - TITLE STATEMENT | |
| Title | You and your Bible; |
| Remainder of title | an anthology of R. A. Torrey. |
| 260 ## - PUBLICATION, DISTRIBUTION, ETC. | |
| Place of publication, distribution, etc. | Grand Rapids : |
| Name of publisher, distributor, etc. | Baker book house, |
| Date of publication, distribution, etc. | 1968 |
| 300 ## - PHYSICAL DESCRIPTION | |
| Extent | 220 p. ; |
| Dimensions | 22 cm. |
| 630 00 - SUBJECT ADDED ENTRY--UNIFORM TITLE | |
| Uniform title | Bible. |
| 9 (RLIN) | 599 |
| 906 ## - LOCAL DATA ELEMENT F, LDF (RLIN) | |
| a | 7 |
| b | cbc |
| c | oclcrpl |
| d | u |
| e | ncip |
| f | 19 |
| g | y-gencatlg |
| 942 ## - ADDED ENTRY ELEMENTS (KOHA) | |
| Source of classification or shelving scheme | Dewey Decimal Classification |
| Koha item type | Books |
| Koha issues (borrowed), all copies | 9 |
| Withdrawn status | Lost status | Source of classification or shelving scheme | Damaged status | Not for loan | Home library | Current Library | Shelving location | Date acquired | Total checkouts | Full call number | Barcode | Date last seen | Date last checked out | Copy number | Price effective from | Koha item type |
|---|---|---|---|---|---|---|---|---|---|---|---|---|---|---|---|---|
| Dewey Decimal Classification | GRACE BIBLE COLLEGE | GRACE BIBLE COLLEGE | Biblical Studies | 2016-10-26 | 4 | 220.081 TOR | 007035 | 2025-05-01 | 2023-08-01 | c.1 | 2016-10-26 | Books | ||||
| Dewey Decimal Classification | GRACE BIBLE COLLEGE | GRACE BIBLE COLLEGE | Biblical Studies | 2017-04-10 | 5 | 220.081 TOR | 008345 | 2025-05-01 | 2023-08-02 | c.2 | 2017-04-10 | Books |